000 01507cam a22003734i 4500
003 PE-LiUPU
005 20250731184052.0
008 161007s r 000 0 spa d
020 _a8403094264
035 _a(Sirsi) a164072
040 _aPE-LiUPU
_bspa
_cPE-LiUPU
_erda
049 _aPRUA
082 0 4 _a863
_bC48
_220
100 1 _aCervantes Saavedra, Miguel De,
_eautor.
245 1 0 _aMiguel De Cervantes Saavedra :
_bobras completas /
_cMiguel De Cervantes Saavedra.
264 _aEspaña :
_bAguilar,
_c2003.
300 _aXIX, 897 páginas ;
_c21 centímetros
336 _atext
_2rdacontent
337 _aunmediated
_2rdamedia
338 _avolume
_2rdacarrier
505 0 _gtomo 1,
_tMiguel de Cervantes Saavedra: síntesis de su biografía -- El ingenisos hidalgo don Quijote de la Mancha -- Novelas ejemplares.
526 _aP145
526 _aP127
526 _aP97
526 _aP14
526 _aP07
910 _ajck
_bncf
_cncf
_d20161007
942 _2ddc
_cBOOK
949 _a863 C48
_wDEWEY
_c1
_i75098
_lCCODEBUL1
_mBUL
_p34.99
_r0
_sY
_tBOOK
_u2016-10-07
_xEDUCACION
_PP20
_0DONACION
_o.STAFF. Colección Ciencias Humanas y Educación
994 _aC0
_bPEPRU
596 _a1
999 _a863 C48
_wDEWEY
_c12930
_i75098
_f2021-11-9
_g5
_lCCODEBUL1
_mBUL
_p34.99
_r0
_sY
_tBOOK
_u2016-10-7
_xEDUCACION
_PP20
_0DONACION
_o.STAFF. Colección Ciencias Humanas y Educación
_d12930
980 _81
_gALBERTO SANCHEZ Responsable de Automatización